| 000 | 01017nam a2200241Ia 4500 | ||
|---|---|---|---|
| 003 | PE SENCICO BE | ||
| 005 | 20251020182529.0 | ||
| 008 | 200515s9999 xx 000 0 und d | ||
| 020 | _a958-648-267-7 | ||
| 040 |
_aPE SENCICO BE _cPE SENCICO BE |
||
| 041 | _aspa | ||
| 082 |
_a696.12 _bP45 |
||
| 100 | 1 |
_aPérez Carmona, Rafael _9214 |
|
| 245 | 1 | 0 |
_aDiseño de instalaciones hidrosanitarias y de gas para edificaciones / _cRafael Pérez Carmona |
| 250 | _a3a ed. | ||
| 260 |
_aBogotá: _bEcoe ediciones, _c2001 |
||
| 300 |
_axx, 540 p.: _bdiagrs., _c25 cm. |
||
| 500 | _a1 ejemplar | ||
| 505 | 0 | _aSuministro de agua.- Equipos de presión.- Cálculo de pérdidas en tuberías y accesorios.- Redes de distribución.- Desagües.- Sistema de ventilación.- Redes de distribución contra incendios.- Agua caliente.- Redes de distribución de gas.- Ventilación.- Anexos | |
| 650 | 1 | 0 |
_aInstalaciones hidrosanitarias _9215 |
| 650 | 2 | 0 |
_aEdificaciones _9216 |
| 942 |
_cLIB _2ddc _h696.12 _iP45 |
||
| 999 |
_c2011 _d2011 |
||